000 00722nam a2200229 i 4500
001 7250
003 ES-MaACL
005 20250822052238.0
007 t|
008 901113s1989 sp ||||1| spa d
020 _a84-7166-641-3
080 _a028.1
100 1 _aGarcia Carbonell, Roberto.
_954338
245 1 0 _aLectura rapida para todos
_b: metodo completo de lectura veloz y comprensiva /
_cR. Ga. Carbonell.
260 _aMadrid :
_bEdaf,
_cD.L. 1989.
300 _a254 p. ;
_c21 cm.
490 1 _aTemas de superación personal
650 1 7 _aLectura rápida
_2embne
_914071
830 0 _aTemas de superación personal
_9227872
852 _aES-MaACL
_jL-14550
_bR.117672
_z. - rust.
999 _c7250
_d7250